Ematech - technológie: zrkadlo minimalizácie

Podrobná bibliografia
Hlavný autor: Modráček, Marek (Autor)
Médium: Článok
Jazyk:slovenčina
Fyzický popis:Fotogr.
ISSN:1335-440X
Predmet:

MARC

LEADER 00000nab a2200000 ar4500
001 vtls010199528
003 SK-MaSNL
005 20260305032212.0
008 101221c20101126xo ||||||||||||00 b|slo
015 |a SNBRB2010/12  |2 snkbucl 
038 |a SNKBUCL 
040 |a SNKBUCL  |b slo  |c SNKBUCL  |e AACR2 
041 0 |a slo 
044 |a xo  |c SK 
080 |a 631.3:061.5  |x (437.6)  |2 1997 
100 1 |a Modráček, Marek  |4 aut  |9 1038888 
245 1 0 |a Ematech - technológie: zrkadlo minimalizácie  |c Marek Modráček 
300 |b Fotogr. 
610 2 7 |a Ematech - technológie (Lužianky, Slovensko)  |2 snkbucl  |9 1611221 
650 0 7 |a poľnohospodárska technika  |2 snkbucl  |9 681 
650 0 7 |a poľnohospodárske stroje  |2 snkbucl  |9 3574 
651 7 |a Lužianky (Slovensko)  |2 snkbucl  |9 87515 
651 7 |a Nitra (Slovensko : okres)  |2 snkbucl  |9 24094 
773 0 |t Sme. Roľnícke noviny  |g Č. 273 (26.11.2010)  |x 1335-440X 
773 0 8 |i Príl.:  |t Roľnícke noviny  |g Č. 48 (24.11.2010), s. 19 
852 |a SNK  |b KIS3GCP 
958 |a SK 
999 |c 3319095  |d 3321025